000 01367nam a2200277 a 4500
003 BLK
005 20250717125151.0
008 180409b bul|||||r ||||||| ||bul||
020 _a9786197560091
040 _aBLK
041 _aBUL
_cBUL
072 7 _2bullib
_aН85
_xДетска художествена литература Н
080 _aАмериканска литература (на САЩ)
_b821.111(73)
_x-93-32
_z821.111(73)-93-32
100 1 _aКини, Джеф
_eпърви автор
_9309890
139 _aКини, Джеф
_bК 54
245 1 0 _aРаули Джеферсън
_bНевероятните приключения на един дърдорко
_cДжеф Кини ; прев. Михаил Балабанов.
257 _aUSA
260 _aСофия
_bДУО ДИЗАЙН
_c2021
_9210424
_f(София : Пулсио принт)
_n978-954-8396- ; 954-90316-
300 _a218 с.
_bс ил.
_c21 см
380 _aDX
500 _aОриг. загл.: Rowley Jefferson's awesome friendly adventure / Jeff Kinney. - Кн. от поредицата Хрониките на Раули Джеферсън.
700 _aБалабанов, Михаил Петров
_eпрев. от англ.
_91021
852 _aЦб 313974
_bЦб
942 _cKNG
_n0
_s1
_042
944 _aCR
_c2022-09-07
_k30564
_lАнна Гръцманова
999 _c472605
_d472605